[Event "SVK-chT U18"]
[Site "Radava"]
[Date "2022.11.21"]
[Round "1.3"]
[White "Paluska, Karol"]
[Black "Tokarcik, Jan"]
[Result "1-0"]
[WhiteElo "1923"]
[BlackElo "1453"]
[PlyCount "83"]
[EventDate "2022.11.21"]
[EventType "team-swiss"]
[EventRounds "7"]
[EventCountry "SVK"]
[SourceTitle "CBM 211 Extra"]
[Source "ChessBase"]
[SourceDate "2023.01.31"]
[SourceVersion "1"]
[SourceVersionDate "2023.01.31"]
[SourceQuality "1"]
[WhiteTeam "Bratislava Doprastav"]
[BlackTeam "Bardejov"]
[WhiteTeamCountry "SVK"]
[BlackTeamCountry "SVK"]

1. d4 d5 2. c4 Nf6 3. Nc3 c6 4. Nf3 e6 5. Bg5 Nbd7 6. e3 Qb6 7. Qc2 h6 8. Bf4 Nh5 9. Bg3 Nxg3 10. hxg3 Qa5 11. cxd5 exd5 12. Bd3 Nf6 13. a3 Bd6 14. 0-0 Qc7 15. Rfc1 a6 16. b4 g5 17. e4 dxe4 18. Bxe4 Nxe4 19. Nxe4 Kd8 20. Qc3 Re8 21. Re1 f5 22. Nc5 b6 23. Rxe8+ Kxe8 24. Re1+ Kf8 25. Nd3 Bd7 26. d5 Kg8 27. Qf6 Kh7 28. Qf7+ Kh8 29. Nde5 Bxe5 30. Nxe5 Rg8 31. dxc6 Qd8 32. cxd7 Rg7 33. Qe8+ Rg8 34. Ng6+ Kg7 35. Re7+ Qxe7 36. Qxe7+ Kxg6 37. Qe6+ Kg7 38. d8Q Rxd8 39. Qe7+ Kg6 40. Qxd8 Kf7 41. Qxb6 Ke7 42. Qxa6 1-0

[Event "SVK-ch U14"]
[Site "Stara Lubovna"]
[Date "2022.05.27"]
[Round "8"]
[White "Hasala, Richard"]
[Black "Tokarcik, Jan"]
[Result "1-0"]
[WhiteElo "1318"]
[BlackElo "1313"]
[PlyCount "120"]
[EventDate "2022.05.21"]
[EventType "swiss"]
[EventRounds "9"]
[EventCountry "SVK"]
[SourceTitle "CBM 208 Extra"]
[Source "ChessBase"]
[SourceDate "2022.07.31"]
[SourceVersion "1"]
[SourceVersionDate "2022.07.31"]
[SourceQuality "1"]

1. e4 e5 2. Nf3 Nc6 3. d4 exd4 4. Nxd4 Nf6 5. Nc3 Bc5 6. Be3 Bb4 7. Nxc6 dxc6 8. Qxd8+ Kxd8 9. 0-0-0+ Ke8 10. Bc4 Be6 11. Bxe6 fxe6 12. f3 Bxc3 13. bxc3 b6 14. Bf4 Rc8 15. Rd2 Ke7 16. Rhd1 Rhg8 17. c4 h6 18. g4 g5 19. Be5 Rgf8 20. Bxf6+ Kxf6 21. Rd7 Kg6 22. R1d3 e5 23. Kd2 Rf7 24. Rxf7 Kxf7 25. Rd7+ Kg6 26. Ke2 a6 27. a4 c5 28. Kf2 c6 29. Ra7 Rd8 30. Rxa6 Rd2+ 31. Kg3 Rxc2 32. Rxb6 Rxc4 33. Rxc6+ Kg7 34. a5 Rc1 35. a6 Ra1 36. Rxc5 Rxa6 37. Rxe5 Kf6 38. Rb5 Re6 39. h4 Kg6 40. hxg5 hxg5 41. f4 Rxe4 42. Rxg5+ Kf6 43. Kf3 Ra4 44. Re5 Ra3+ 45. Re3 Ra4 46. g5+ Kf5 47. Re5+ Kg6 48. Kg4 Rb4 49. Re6+ Kf7 50. Ra6 Rb1 51. g6+ Kg7 52. Kg5 Rg1+ 53. Kf5 Kh6 54. Ra8 Rxg6 55. Rh8+ Kg7 56. Rg8+ Kxg8 57. Kxg6 Kf8 58. f5 Ke7 59. f6+ Kf8 60. f7 Ke7 1-0

[Event "SVK-ch U12"]
[Site "Lubovna"]
[Date "2020.08.16"]
[Round "2"]
[White "Hyza, Michal"]
[Black "Tokarcik, Jan"]
[Result "0-1"]
[WhiteElo "1000"]
[BlackElo "1278"]
[PlyCount "42"]
[EventDate "2020.08.15"]
[EventType "swiss"]
[EventRounds "9"]
[EventCountry "SVK"]
[SourceTitle "EXT 2021"]
[Source "ChessBase"]
[SourceDate "2020.10.23"]
[SourceVersion "1"]
[SourceVersionDate "2020.10.23"]
[SourceQuality "1"]

1. e4 e5 2. Nf3 Nc6 3. Nc3 Nf6 4. Bc4 Bc5 5. Nxe5 Nxe5 6. d4 Nxc4 7. dxc5 Qe7 8. Qe2 Qxc5 9. 0-0 0-0 10. Bf4 d6 11. Rfd1 Bg4 12. Qe1 Bxd1 13. Qxd1 Nxb2 14. Qf3 Ng4 15. Qxg4 Qxc3 16. Bh6 Nd3 17. Rd1 Nxf2 18. Qg5 Nxd1 19. h3 Qe3+ 20. Qxe3 Nxe3 21. Bxe3 Rae8 0-1

[Event "EU-ch U10"]
[Site "Bratislava"]
[Date "2019.08.08"]
[Round "7"]
[White "Silaghi, Matias Radu"]
[Black "Tokarcik, Jan"]
[Result "0-1"]
[WhiteElo "1003"]
[BlackElo "1357"]
[PlyCount "42"]
[EventDate "2019.08.02"]
[EventType "swiss"]
[EventRounds "9"]
[EventCountry "SVK"]
[SourceTitle "EXT 2020"]
[Source "ChessBase"]
[SourceDate "2019.10.17"]
[SourceVersion "1"]
[SourceVersionDate "2019.10.17"]
[SourceQuality "1"]

1. d4 d5 2. Nf3 Nf6 3. e3 e6 4. Bd3 c5 5. c3 Nc6 6. 0-0 Bd6 7. Nbd2 0-0 8. Qe2 Bd7 9. dxc5 Bxc5 10. e4 e5 11. Nb3 Bb6 12. Bc2 d4 13. Bd3 Bg4 14. h3 Bh5 15. Bg5 Qd7 16. Bxf6 gxf6 17. Qd2 Bxf3 18. gxf3 Qxh3 19. f4 Kh8 20. f3 dxc3+ 21. Qf2 Rg8# 0-1

[Event "SVK-ch U10"]
[Site "Liptovsky Mikulas"]
[Date "2019.04.30"]
[Round "9"]
[White "Durovka, Marek"]
[Black "Tokarcik, Jan"]
[Result "1-0"]
[WhiteElo "1469"]
[BlackElo "1281"]
[PlyCount "63"]
[EventDate "2019.04.23"]
[EventType "swiss"]
[EventRounds "9"]
[EventCountry "SVK"]
[SourceTitle "CBM 190 Extra"]
[Source "ChessBase"]
[SourceDate "2019.07.15"]
[SourceVersion "1"]
[SourceVersionDate "2019.07.15"]
[SourceQuality "1"]

1. d4 d5 2. Nf3 Nf6 3. e3 c5 4. c3 Nc6 5. Bd3 e6 6. Nbd2 Bd6 7. 0-0 0-0 8. dxc5 Bxc5 9. e4 Qc7 10. Qe2 Rd8 11. e5 Ng4 12. Nb3 Bb6 13. Bf4 f6 14. Rae1 Rf8 15. h3 g5 16. Bg3 Ngxe5 17. Nxe5 Nxe5 18. Nd4 Qe7 19. Bxe5 fxe5 20. Qxe5 Bc7 21. Nf5 Qf6 22. Qxc7 exf5 23. Re7 Rf7 24. Rxf7 Qxf7 25. Qd8+ Qf8 26. Qxd5+ Kh8 27. Qd4+ Qg7 28. Re1 Qxd4 29. Re8+ Kg7 30. cxd4 Kf6 31. g4 f4 32. Bf5 1-0

[Event "SVK-ch U10"]
[Site "Liptovsky Mikulas"]
[Date "2019.04.25"]
[Round "4"]
[White "Strapec, Lukas"]
[Black "Tokarcik, Jan"]
[Result "1-0"]
[WhiteElo "1485"]
[BlackElo "1281"]
[PlyCount "77"]
[EventDate "2019.04.23"]
[EventType "swiss"]
[EventRounds "9"]
[EventCountry "SVK"]
[SourceTitle "CBM 190 Extra"]
[Source "ChessBase"]
[SourceDate "2019.07.15"]
[SourceVersion "1"]
[SourceVersionDate "2019.07.15"]
[SourceQuality "1"]

1. d4 d5 2. Nf3 Nf6 3. e3 e6 4. Bd3 c5 5. c3 Nc6 6. Nbd2 Qc7 7. 0-0 b6 8. e4 c4 9. Bc2 b5 10. Re1 b4 11. e5 Nd7 12. Ng5 h6 13. Qh5 hxg5 14. Qxh8 bxc3 15. bxc3 Qa5 16. Qh3 g4 17. Qg3 Ne7 18. Nf1 Nf5 19. Bxf5 exf5 20. Qe3 f4 21. Qxf4 Qxc3 22. Bd2 Qa3 23. e6 Nf6 24. exf7+ Kxf7 25. Qe3 Qd6 26. Qg3 Qb6 27. Qe3 Bd7 28. Rab1 Qc6 29. Qc3 a5 30. Qc2 g6 31. Ng3 Ra6 32. Bg5 Bg7 33. Bxf6 Bxf6 34. Qc3 Be6 35. Re2 Bg5 36. Rbe1 Rb6 37. Rxe6 Qxe6 38. Rxe6 Kxe6 39. h3 1-0

[Event "SVK-ch U10"]
[Site "Liptovsky Mikulas"]
[Date "2019.04.24"]
[Round "2"]
[White "Elias, Simon"]
[Black "Tokarcik, Jan"]
[Result "0-1"]
[WhiteElo "1107"]
[BlackElo "1281"]
[PlyCount "56"]
[EventDate "2019.04.23"]
[EventType "swiss"]
[EventRounds "9"]
[EventCountry "SVK"]
[SourceTitle "CBM 190 Extra"]
[Source "ChessBase"]
[SourceDate "2019.07.15"]
[SourceVersion "1"]
[SourceVersionDate "2019.07.15"]
[SourceQuality "1"]

1. e4 e5 2. Nf3 Nc6 3. Bb5 a6 4. Ba4 Nf6 5. 0-0 b5 6. Bb3 Bc5 7. c3 Nxe4 8. d3 Nf6 9. Re1 d6 10. Ng5 0-0 11. Qf3 Qe8 12. Ne4 Nxe4 13. Rxe4 Bb7 14. Qg3 Ne7 15. Rg4 Ng6 16. Be3 Kh8 17. Nd2 f5 18. Rg5 f4 19. Qh3 fxe3 20. fxe3 Nf4 21. Qh4 Bxe3+ 22. Kh1 Nxg2 23. Rxg2 Qg6 24. Qh3 Rf2 25. Rag1 Rxd2 26. a3 Bxg1 27. d4 Bxg2+ 28. Qxg2 Qxg2# 0-1

[Event "SVK-ch U10"]
[Site "Liptovsky Mikulas"]
[Date "2018.04.22"]
[Round "3"]
[White "Tokarcik, Jan"]
[Black "Azari, Martin"]
[Result "1-0"]
[WhiteElo "1343"]
[BlackElo "1000"]
[PlyCount "41"]
[EventDate "2018.04.21"]
[EventType "swiss"]
[EventRounds "9"]
[EventCountry "SVK"]
[SourceTitle "CBM 184 Extra"]
[Source "ChessBase"]
[SourceDate "2018.06.28"]
[SourceVersion "1"]
[SourceVersionDate "2018.06.28"]
[SourceQuality "1"]

1. e4 e5 2. Nf3 Nc6 3. Bc4 Nd4 4. Nxd4 exd4 5. d3 c6 6. 0-0 Qf6 7. c3 d5 8. exd5 Qg6 9. Re1+ Be7 10. dxc6 Bg4 11. f3 Bh5 12. cxb7 Rb8 13. Bb5+ Kf8 14. Qc2 Bh4 15. Re8+ Rxe8 16. Bxe8 Qd6 17. Qb3 Kxe8 18. b8Q+ Ke7 19. Q3b7+ Ke6 20. Qe4+ Qe5 21. Qbxe5+ 1-0

[Event "EU Union-ch U08"]
[Site "Kouty nad Desnou"]
[Date "2017.08.20"]
[Round "2"]
[White "Sosovickova, Martina"]
[Black "Tokarcik, Jan"]
[Result "0-1"]
[WhiteElo "1170"]
[BlackElo "1271"]
[PlyCount "48"]
[EventDate "2017.08.19"]
[EventType "swiss"]
[EventRounds "9"]
[EventCountry "CZE"]
[SourceTitle "CBM 180 Extra"]
[Source "ChessBase"]
[SourceDate "2017.10.06"]
[SourceVersion "1"]
[SourceVersionDate "2017.10.06"]
[SourceQuality "1"]

1. e4 e5 2. Nf3 Nc6 3. Nc3 Nf6 4. Bb5 Bb4 5. 0-0 0-0 6. d3 d6 7. Bg5 Bxc3 8. bxc3 Ne7 9. Bxf6 gxf6 10. h3 c6 11. Bc4 d5 12. exd5 cxd5 13. Bb3 Kh8 14. Qd2 Rg8 15. Qh6 Nf5 16. Qh5 Be6 17. Nh4 Rg5 18. Qf3 Nxh4 19. Qe3 Nxg2 20. Qc1 Ne3+ 21. Kh2 Nxf1+ 22. Qxf1 Rh5 23. Qe2 Rxh3+ 24. Kg1 Qg8+ 0-1

[Event "SVK-ch U08"]
[Site "Liptovsky Mikulas"]
[Date "2016.04.21"]
[Round "7"]
[White "Tokarcik, Jan"]
[Black "Visvader, Kristof"]
[Result "0-1"]
[WhiteElo "1000"]
[BlackElo "1000"]
[PlyCount "166"]
[EventDate "2016.04.16"]
[EventType "swiss"]
[EventRounds "9"]
[EventCountry "SVK"]
[SourceTitle "CBM 172 Extra"]
[Source "ChessBase"]
[SourceDate "2016.06.21"]
[SourceVersion "1"]
[SourceVersionDate "2016.06.21"]
[SourceQuality "1"]

1. e4 e5 2. Nf3 Nc6 3. Bc4 Be7 4. 0-0 Nf6 5. Nc3 d6 6. d3 Be6 7. Bxe6 fxe6 8. Ng5 Qd7 9. Be3 0-0-0 10. Nb5 a6 11. Na7+ Kb8 12. Nxc6+ Qxc6 13. Nf7 d5 14. Nxh8 Rxh8 15. Bg5 Rd8 16. Bxf6 Bxf6 17. exd5 Rxd5 18. Qf3 Rd6 19. Qxc6 Rxc6 20. Rac1 Bg5 21. Rce1 Rxc2 22. Rxe5 Bf6 23. Rxe6 Rxb2 24. Ra1 Rd2 25. Re8+ Ka7 26. Rae1 Rxd3 27. R8e3 Rd5 28. g3 Ra5 29. Rc1 c6 30. Re2 Bd4 31. Rb1 Bb6 32. Rf1 Bc5 33. Rc2 g5 34. Kg2 g4 35. Rfc1 Ba3 36. Rb1 h5 37. Re2 Rd5 38. Re3 Bc5 39. Reb3 Rd7 40. h3 gxh3+ 41. Kxh3 Bxf2 42. Kh4 Rh7 43. Rf1 Bc5 44. Rf5 Be7+ 45. Kh3 h4 46. Rf4 hxg3+ 47. Kg2 Rg7 48. Rff3 Bd6 49. Rbd3 Bb8 50. Rf8 Bc7 51. Rd7 Rxd7 52. Rg8 Rd2+ 53. Kh3 g2 54. Rxg2 Rxg2 55. Kxg2 b5 56. Kf2 a5 57. Ke2 a4 58. Kd2 Be5 59. Kc2 Kb6 60. Kb1 b4 61. Kc2 b3+ 62. axb3 axb3+ 63. Kxb3 Bc7 64. Kb4 Bd8 65. Kb3 Kb5 66. Kc3 Kc5 67. Kb3 Kd4 68. Kc2 Kc4 69. Kd1 Kc3 70. Kc1 c5 71. Kd1 c4 72. Kc1 Bg5+ 73. Kb1 Kd2 74. Kb2 c3+ 75. Kb1 c2+ 76. Ka2 c1R 77. Ka3 Rb1 78. Ka4 Kc3 79. Ka5 Kc4 80. Ka6 Kc5 81. Ka7 Kc6 82. Ka8 Kc7 83. Ka7 Ra1# 0-1

[Event "SVK-ch U08"]
[Site "Liptovsky Mikulas"]
[Date "2016.04.19"]
[Round "5"]
[White "Tokarcik, Jan"]
[Black "Sitar, Andrej"]
[Result "1-0"]
[WhiteElo "1000"]
[BlackElo "1000"]
[PlyCount "75"]
[EventDate "2016.04.16"]
[EventType "swiss"]
[EventRounds "9"]
[EventCountry "SVK"]
[SourceTitle "CBM 172 Extra"]
[Source "ChessBase"]
[SourceDate "2016.06.21"]
[SourceVersion "1"]
[SourceVersionDate "2016.06.21"]
[SourceQuality "1"]

1. e4 c5 2. Nc3 Nc6 3. Bc4 d6 4. Bd5 Bd7 5. Nf3 Nf6 6. 0-0 g6 7. Ng5 e6 8. Bc4 d5 9. exd5 exd5 10. Nxd5 Nxd5 11. Bxd5 Qxg5 12. Bxc6 Bxc6 13. g3 Qd5 14. f3 c4 15. Qe2+ Be7 16. Re1 Qc5+ 17. Kg2 Rc8 18. d4 Qd6 19. Bf4 Qe6 20. Qxe6 fxe6 21. Rxe6 Bd7 22. Re2 c3 23. bxc3 Rxc3 24. Rae1 Rf8 25. Rxe7+ Kd8 26. Bg5 Rxc2+ 27. Kg1 Kc7 28. Bf4+ Kc6 29. d5+ Kxd5 30. Rxd7+ Kc6 31. Rc7+ Kb6 32. Rxc2 Rg8 33. Rb1+ Ka6 34. Rc3 b6 35. Ra3+ Kb7 36. Re1 Ka8 37. Re7 b5 38. Raxa7# 1-0